000 00918nam a2200301Ia 4500
003 OSt
005 20221006144225.0
006 a|||||r|||| 00| 0
007 ta
008 221006b |||||||| |||| 00| 0 eng d
020 _c£15.00
024 _a11,188
037 _cTextual
040 _aEASL
_cEASL
_beng
041 _2eng
_aeng
082 _aT:(Y:6).41.N7, M0
100 _aMONTAPERTO Ronald N Ed.
_9651162
245 0 _aChina's schools in flux
_b Report by the state education leaders delegation, national committee on united states-China relations
260 _aLondon
_bMacmillan Press
_c1980
300 _a188p.
_ccm.
490 _v CEL
650 _a Admissions
_9651163
650 _a CEL
650 _aCurriculum
700 _a HENDERSON Jay Ed.
_9319668
942 _hT:(Y:6).41.N7, M0
_cTEXL
_2CC
999 _c1079274
_d1079274